The Writer's Life Quiz Stats

 Plays Quiz Updated Jun 14, 2013

Also try: The Artist's Life
Challenge
Share
Tweet
Score 0/17 Timer 05:00
2 Plays Today
% Correct
1564-1616
87.7%
1340*-1400
78.8%
1265-1321
77.7%
1942-2008
76.6%
1899-1961
76%
1919-2010
72%
1932-1963
69.3%
1890-1976
68.1%
1924-1984
65.8%
% Correct
1809-1849
62.6%
1775-1817
58.8%
1859-1930
58.5%
1608-1674
50.2%
1832-1898
47.4%
1694-1778
46.6%
1802-1885
44.8%
1628-1703
26.3%

You're not logged in!

Compare scores with friends on all Sporcle quizzes.
Join for Free
OR
Log In

You Might Also Like...

Show Comments

Extras

Top Quizzes Today


Score Distribution

Your Account Isn't Verified!

In order to create a playlist on Sporcle, you need to verify the email address you used during registration. Go to your Sporcle Settings to finish the process.

Report this User

Report this user for behavior that violates our Community Guidelines.

Details: